| 000 | 00413nam a2200145 i 4500 | ||
|---|---|---|---|
| 001 | 42154 | ||
| 003 | ES-MaACL | ||
| 007 | t| | ||
| 008 | 030312s1974 sp ||||1| spa d | ||
| 100 | 1 |
_aCastilla, Gonzalo. _936646 |
|
| 245 | 1 | 0 |
_aHombres de nuestra AndalucĂa / _cescrito por Gonzalo Castilla. |
| 260 |
_aGranada : _bPatxi, _c[1974] |
||
| 300 |
_a230 p. : _bil. ; _c22 cm. |
||
| 852 |
_aES-MaACL _jE-5768 _bR.90258 |
||
| 999 |
_c42154 _d42154 |
||